The world encyclopedia of flags: (Record no. 16037)

MARC details
000 -LEADER
fixed length control field 01785nam a22002538a 4500
005 - DATE AND TIME OF LATEST TRANSACTION
control field 20080923161149.0
008 - FIXED-LENGTH DATA ELEMENTS--GENERAL INFORMATION
fixed length control field 080523r20082007meu d 000 0 eng
010 ## - LCCN (DPL NO)
LC control number B-269670-674, B-284173
020 ## - INTERNATIONAL STANDARD BOOK NUMBER
International Standard Book Number 9781840384154
Terms of availability 550.00
035 ## - SYSTEM CONTROL NUMBER
System control number B-269670-674, B-284173
040 ## - CATALOGING SOURCE
Original cataloging agency dpl
Language of cataloging English
082 ## - DEWEY DECIMAL CLASSIFICATION NUMBER
Classification number 929.9
245 ## - TITLE STATEMENT
Title The world encyclopedia of flags:
Remainder of title the definitive guide to international flags, banners, standards and ensigns / /
Statement of responsibility, etc by Alfred Znamierowski
260 ## - PUBLICATION, DISTRIBUTION, ETC. (IMPRINT)
Place of publication, distribution, etc London
Name of publisher, distributor, etc Hermes House
Date of publication, distribution, etc 2007
300 ## - PHYSICAL DESCRIPTION
Extent 256p.
Dimensions 30cm (pbk)
Other physical details col. photos
942 ## - ADDED ENTRY ELEMENTS (KOHA)
Source of classification or shelving scheme Dewey Decimal Classification
Item type English Books
Classification part 929.9
Call number suffix WOR
Holdings
Withdrawn status Lost status Source of classification or shelving scheme Damaged status Not for loan Collection code Home library Current library Date acquired Source of acquisition Cost, normal purchase price Total Checkouts Full call number Barcode Date last seen Copy number Cost, replacement price Koha item type Total Renewals
    Dewey Decimal Classification     Reference Central Library Central Library 04/11/2008 Super/44098/26.5.08 /94 /16.5.08 /5.6.08 550.00   929.9 WOR B-269670 04/11/2008 1 550.00 English Books  
    Dewey Decimal Classification     Non-fiction Karol Bagh Karol Bagh 04/11/2008   550.00   929.9 WOR B-269673 04/11/2008 1 550.00 English Books  
    Dewey Decimal Classification     Non-fiction Patel Nagar Patel Nagar 04/11/2008   550.00 1 929.9 WOR B-269671 31/03/2022 1 550.00 English Books 2
    Dewey Decimal Classification     Non-fiction Sarojini Nagar Sarojini Nagar 04/11/2008   550.00   929.9 WOR B-269672 04/11/2008 1 550.00 English Books  
    Dewey Decimal Classification     Non-fiction Shahdara Branch Shahdara Branch 04/11/2008   550.00   929.9 WOR B-269674 04/11/2008 1 550.00 English Books  
    Dewey Decimal Classification     Non-fiction Vinoba Puri Vinoba Puri 17/11/2008 Super/44931/30.7.08/170/21.7.08/13.8.08 550.00   929.9 WOR B-284173 17/11/2008 1 550.00 English Books  

© Delhi Public Library
Hit Counter
free hit counter